<?xml version="1.0" encoding="UTF-8"?>
<record
    xmlns:xsi="http://www.w3.org/2001/XMLSchema-instance"
    xsi:schemaLocation="http://www.loc.gov/MARC21/slim http://www.loc.gov/standards/marcxml/schema/MARC21slim.xsd"
    xmlns="http://www.loc.gov/MARC21/slim">

  <leader>00483nam a2200169 i 4500</leader>
  <controlfield tag="001">C2-0302148</controlfield>
  <controlfield tag="003">PPAK</controlfield>
  <controlfield tag="005">20180729000937.0</controlfield>
  <controlfield tag="008">100111s2007    my |||| |||||  |    eng d</controlfield>
  <datafield tag="040" ind1=" " ind2=" ">
    <subfield code="a">PPAK</subfield>
    <subfield code="b">eng</subfield>
    <subfield code="c">PPAK</subfield>
    <subfield code="e">rda</subfield>
  </datafield>
  <datafield tag="245" ind1="0" ind2="0">
    <subfield code="a">Exploring science year 5 </subfield>
    <subfield code="b">disc 6 : question bank</subfield>
  </datafield>
  <datafield tag="264" ind1=" " ind2="1">
    <subfield code="a">Selangor : </subfield>
    <subfield code="b">Unik Smart Educ-Tech Sdn. Bhd. , </subfield>
    <subfield code="c">[2007]</subfield>
  </datafield>
  <datafield tag="336" ind1=" " ind2=" ">
    <subfield code="2">rdacontent</subfield>
    <subfield code="a">text</subfield>
  </datafield>
  <datafield tag="337" ind1=" " ind2=" ">
    <subfield code="2">rdamedia</subfield>
    <subfield code="a">unmediated</subfield>
  </datafield>
  <datafield tag="338" ind1=" " ind2=" ">
    <subfield code="2">rdacarrier</subfield>
    <subfield code="a">volume</subfield>
  </datafield>
  <datafield tag="942" ind1=" " ind2=" ">
    <subfield code="2">ddc</subfield>
    <subfield code="c">VCD</subfield>
  </datafield>
  <datafield tag="999" ind1=" " ind2=" ">
    <subfield code="c">165895</subfield>
    <subfield code="d">165895</subfield>
  </datafield>
  <datafield tag="952" ind1=" " ind2=" ">
    <subfield code="0">0</subfield>
    <subfield code="1">0</subfield>
    <subfield code="2">ddc</subfield>
    <subfield code="4">0</subfield>
    <subfield code="7">1</subfield>
    <subfield code="a">MR</subfield>
    <subfield code="b">MR</subfield>
    <subfield code="c">RK</subfield>
    <subfield code="d">2010-01-11</subfield>
    <subfield code="e">PU</subfield>
    <subfield code="g">38.70</subfield>
    <subfield code="i">2009</subfield>
    <subfield code="o">RK 372.3 EXP</subfield>
    <subfield code="p">A00821706</subfield>
    <subfield code="r">2018-07-05 00:00:00</subfield>
    <subfield code="v">38.70</subfield>
    <subfield code="w">2018-07-05</subfield>
    <subfield code="y">VCD</subfield>
  </datafield>
  <datafield tag="952" ind1=" " ind2=" ">
    <subfield code="0">0</subfield>
    <subfield code="1">0</subfield>
    <subfield code="2">ddc</subfield>
    <subfield code="4">0</subfield>
    <subfield code="7">1</subfield>
    <subfield code="a">PPAK</subfield>
    <subfield code="b">PPAK</subfield>
    <subfield code="c">RK</subfield>
    <subfield code="d">2010-01-11</subfield>
    <subfield code="e">PU</subfield>
    <subfield code="g">38.70</subfield>
    <subfield code="i">2009</subfield>
    <subfield code="o">RK 372.3 EXP</subfield>
    <subfield code="p">A00821701</subfield>
    <subfield code="r">2018-07-05 00:00:00</subfield>
    <subfield code="v">38.70</subfield>
    <subfield code="w">2018-07-05</subfield>
    <subfield code="y">VCD</subfield>
  </datafield>
  <datafield tag="952" ind1=" " ind2=" ">
    <subfield code="0">0</subfield>
    <subfield code="1">0</subfield>
    <subfield code="2">ddc</subfield>
    <subfield code="4">0</subfield>
    <subfield code="7">1</subfield>
    <subfield code="a">SP</subfield>
    <subfield code="b">SP</subfield>
    <subfield code="c">RK</subfield>
    <subfield code="d">2010-01-11</subfield>
    <subfield code="e">PU</subfield>
    <subfield code="g">38.70</subfield>
    <subfield code="i">2009</subfield>
    <subfield code="o">RK 372.3 EXP</subfield>
    <subfield code="p">A00821702</subfield>
    <subfield code="r">2018-07-05 00:00:00</subfield>
    <subfield code="v">38.70</subfield>
    <subfield code="w">2018-07-05</subfield>
    <subfield code="y">VCD</subfield>
  </datafield>
  <datafield tag="952" ind1=" " ind2=" ">
    <subfield code="0">0</subfield>
    <subfield code="1">0</subfield>
    <subfield code="2">ddc</subfield>
    <subfield code="4">0</subfield>
    <subfield code="7">1</subfield>
    <subfield code="a">KM</subfield>
    <subfield code="b">KM</subfield>
    <subfield code="c">RK</subfield>
    <subfield code="d">2010-01-11</subfield>
    <subfield code="e">PU</subfield>
    <subfield code="g">38.70</subfield>
    <subfield code="i">2009</subfield>
    <subfield code="o">RK 372.3 EXP</subfield>
    <subfield code="p">A00821704</subfield>
    <subfield code="r">2018-07-05 00:00:00</subfield>
    <subfield code="v">38.70</subfield>
    <subfield code="w">2018-07-05</subfield>
    <subfield code="y">VCD</subfield>
  </datafield>
</record>
